Science Quiz

Random Science or Numbers Quiz

Name That Number Quiz Stats

 Plays Quiz Updated Nov 8, 2017

Also try: Numbered TV Shows
Challenge
Share
Tweet
Embed
Score 0/22 Timer 05:00
5 Plays Today
Zeroes Numbers (words) % Correct
6million
93%
9billion
91.9%
12trillion
85.9%
3thousand
82.3%
15quadrillion
68%
18quintillion
62.2%
24septillion
57.4%
27octillion
55.3%
21sextillion
46%
33decillion
39.7%
30nonillion
39.3%
Zeroes Numbers (words) % Correct
303centillion
20.1%
36undecillion
15.9%
39duodecillion
13.1%
42tredecillion
8.7%
48quindecillion
8.2%
57octodecillion
7.8%
51sexdecillion
7.4%
63vigintillion
4.6%
60novemdecillion
4%
45quattuordecillion
3.6%
54septendecillion
3.5%

You're not logged in!

Compare scores with friends on all Sporcle quizzes.
OR
Log In

You Might Also Like...

Show Comments

Extras

Top Quizzes Today


Score Distribution

Your Account Isn't Verified!

In order to create a playlist on Sporcle, you need to verify the email address you used during registration. Go to your Sporcle Settings to finish the process.

Report this User

Report this user for behavior that violates our Community Guidelines.

Details: